000 00543nam a2200181Ia 4500
008 240729s9999 xx 000 0 und d
022 _a2158-6195
245 0 _aJournal of Learning Spaces
260 _aUnited States
260 _bUniversity of North Carolina at Greensboro
650 _a Architectural drawing and design | Education
650 _a Architecture
650 _a Special aspects of education
650 _aFine Arts
856 _uhttps://doaj.org/toc/c0bc0957a642424f97838ae7bf973919
942 _2ddc
942 _cDOAJEJ
999 _c70709
_d70709
945 _a1
_bMadushi Gamage
_c1
_dMadushi Gamage